| Tag |
First Indicator |
Second Indicator |
Subfields |
| LEADER |
00000cam a2200000 a 4500 |
| 001 |
in00000753421 |
| 005 |
20151016163330.0 |
| 007 |
he bmb||||||| |
| 008 |
890201s1987 txua bb 00010 eng d |
| 035 |
|
|
|a (OCoLC)19093325
|
| 035 |
|
|
|9 ADJ4434AM
|
| 040 |
|
|
|a TXA
|c TXA
|d UtOrBLW
|
| 049 |
|
|
|a TXAI
|
| 099 |
|
|
|a fiche
|a S
|a 934
|a no. 110
|
| 100 |
1 |
|
|a Hensley, Douglas.
|
| 245 |
1 |
0 |
|a Presentation of flight control design and handling quality commonality by separate surface stability augmentation for the family of commuter airlines /
|c prepared for NASA grant NGT-8001 ; prepared by Douglas Hensley ; team leader, Thomas Creighton ; team members, Raphael Haddad [and others].
|
| 264 |
|
1 |
|a Houston, Tex. :
|b Dataplex Information Services,
|c [1987?]
|
| 300 |
|
|
|a 1 microfiche :
|b negative, illustrations ;
|c 11 x 15 cm.
|
| 336 |
|
|
|a text
|b txt
|2 rdacontent
|
| 337 |
|
|
|a microform
|b h
|2 rdamedia
|
| 338 |
|
|
|a microfiche
|b he
|2 rdacarrier
|
| 490 |
1 |
|
|a [Advanced Design Program ;
|v no. 110]
|
| 500 |
|
|
|a "University of Kansas, AE 790 Design Team."--title page.
|
| 500 |
|
|
|a "May 13, 1987."
|
| 500 |
|
|
|a Microform.
|
| 650 |
|
0 |
|a Airplanes
|x Control systems
|x Design and construction.
|
| 650 |
|
0 |
|a Airplanes
|x Handling characteristics.
|
| 650 |
|
0 |
|a Airplanes
|x Design and construction
|x Standards.
|
| 830 |
|
0 |
|a Advanced Design Program (Series) ;
|v no. 110.
|
| 999 |
|
|
|a MARS
|
| 999 |
f |
f |
|s 26956656-253b-3032-bee2-2eac5cb76294
|i 716671cb-28b0-344e-8794-9081039a5e7e
|t 0
|
| 952 |
f |
f |
|p default
|a Texas A&M University
|b College Station
|c Sterling C. Evans Library
|d Evans: Microforms (3rd floor)
|t 0
|e fiche S 934 no. 110
|h Other scheme
|i microform -- microfiche
|
| 998 |
f |
f |
|a fiche S 934 no. 110
|t 0
|l Evans: Microforms (3rd floor)
|